| 000 | 01857nam a2200217Ia 4500 | ||
|---|---|---|---|
| 001 | b4869-31883 | ||
| 003 | IT-MiCISF | ||
| 008 | 161014s9999||||xx |||||||||||||| ||und|| | ||
| 040 |
_aIT-MiCISF _cIT-MiCISF |
||
| 041 | _ait | ||
| 100 | _aBandini Tullio (a cura di) | ||
| 245 | 0 | _aInfanzia e abuso sessuale | |
| 250 | _a1a ed. | ||
| 260 |
_a Milano _bGiuffrè _c2000 |
||
| 300 | _app. XVII-424 | ||
| 500 | _aBandini T., Gualco B., Scardaccione G., Colucci A., Calvanese E., Lorenzi L., Birkhoff J., Martucci P., Lagazzi M., La Via V., Verde A., Patrizi P., Coda S., Fornari U., Marchetti M., Lomi A., Catanesi R., Amerio L., Marasco M., Spalletta M., Paolucci M.A., De Fazio L., Petralunga S., Maccora V., Travaini G.V., Mungo S., Lavagna L., Prelati M., Gatti U. / abuso-sessuale, infanzia, massmedia, scuola, pornografia, nuovi-media, prostituzione, psicologia, legislazione, prevenzione / In questo volume sono raccolti numerosi contributi di studiosi italiani, volti ad analizzare e a chiarire il problema dell'abuso sessuale sui bambini nel nostro Paese, con riferimento alla classificazione, all'andamento e alla distribuzione del fenomeno, alla percezione sociale dello stesso, ad alcuni tipi di sfruttamento sessuale dei minori a fini di lucro, all'esame clinico degli autori e delle vittime di abuso, alle metodologie di accertamento dei fatti, alle risposte sociali, al trattamento e alla prevenzione del fenomeno stesso. L'intento di quest'opera è quello di facilitare, nella nostra società, la conoscenza dei diversi comportamenti e dei diversi problemi legati all'abuso sessuale dei bambini e di stimolare ulteriori ricerche e studi sul tema nell'ambito del pensiero giuridico e scientifico. | ||
| 650 |
_a Infanzia / maltrattamenti-violenza _e008 |
||
| 700 | _aGualco Barbara (a cura di) | ||
| 942 | _cBK | ||
| 957 | _71 | ||
| 999 |
_a31883 _bsi _g1 _c212345 _d212345 |
||